000 00678nam a2200241Ia 4500
008 180523s9999 xx 000 0 und d
020 _a9812-53-256-0
050 _aMAIN Q 161.2
050 _b.T74 2007
100 _aTrefil, James.
245 4 _aThe Sciences :
245 3 _ban integrated approach /
245 0 _cJames Trefil, Robert M. Hazen.
250 _a5th Edition
260 _aNew Jersey :
260 _bJohn Wiley & Sons,
260 _c2004
300 _a531 pages :
300 _billustrations ;
300 _c23 cm.
500 _aIncludes bibliographical references and index.
650 _aSciences -- Study and teaching (Higher) -- United States.
999 _c357418
_d357418